Hauptstädte Amerikas und Afrikas ohne U im Namen - Statistiken

Allgemein
  • Dieses Quiz wurde 50 mal gespielt
  • Das Durchschnittsergebnis liegt bei 42 aus 62
Antwortstatistiken
Hint Antwort % Korrekt
Washington D.C.
100%
Kairo
94%
Bloemfontein KapstadtPretoria
91%
Brasilia
91%
Algier
88%
Bogota
88%
Mexiko-Stadt
88%
Panama-Stadt
88%
Rabat
88%
Havanna
85%
Ottawa
85%
Santiago
85%
Caracas
82%
Montevideo
82%
Nairobi
82%
Addis Abeba
79%
Kinshasa
79%
Lima
79%
Afrika Accra
76%
Georgetown
76%
San Jose
76%
San Salvador
76%
Tripolis
76%
Dakar
74%
Freetown
71%
Kingston
71%
Kingstown
71%
Antananarivo
68%
Bridgetown
68%
Dodoma
68%
La Paz
68%
Kampala
65%
Paramaribo
65%
Port-of-Spain
65%
Sao Tome
65%
Windhoek
65%
Bamako
62%
Gaborone
62%
Harare
62%
Monrovia
62%
Niamey
62%
Praia
62%
Belmopan
59%
Conakry
59%
Kigali
59%
Lilongwe
59%
Lome
59%
N'Djamena
59%
Santo Domingo
59%
Asmara
56%
Amerika Basseterre
56%
Libreville
56%
Saint George's
56%
Saint John's
56%
Victoria
56%
Mbabane
50%
Gitega
47%
Moroni
47%
Castries
44%
Porto Novo
44%
Malabo
41%
Brazaville
32%
Keine übereinstimmenden Quizze gefunden
Verteilung der Resultate
Anzahl Personen mit jedem Resultat
Perzentil nach korrekt beantworteten Fragen
Ihre Resultats-Entwicklung
Sie haben dieses Quiz noch nicht gespielt